| 000 | 00524nam a2200109Ia 4500 | ||
|---|---|---|---|
| 008 | 230320s9999||||xx |||||||||||||| ||spa|| | ||
| 082 | _aTMI/2007/6 | ||
| 100 | _aFlores Alburqueque, María Del Rosario | ||
| 245 | 0 | _aPrograma De Intervención, Para Desarrollar Capacidades De Comprensión - Razonamiento Lógico En Programas Libres De Contenidos Curriculares En Alumnos Que Cursan El Primer Año De Secundaria En La Institución Educativa Nº 7066 Andrés Avelino Cáceres - Chorrillos | |
| 260 | _bLima 2007 | ||
| 942 |
_80 _cLIB |
||
| 999 |
_c45932 _d45932 |
||